Nét độc đáo trong thơ Xuân Quỳnh /
Na minha lista:
| Outros Autores: | |
|---|---|
| Formato: | Sách giấy |
| Idioma: | Vietnamese |
| Publicado em: |
H. :
Văn hoá - Thông tin,
2008.
|
| Assuntos: | |
| Tags: |
Adicionar Tag
Sem tags, seja o primeiro a adicionar uma tag!
|
| Thư viện lưu trữ: | Thư viện Trường Đại học Đà Lạt |
|---|
| LEADER | 00772nam a2200313 4500 | ||
|---|---|---|---|
| 001 | DLU090075021 | ||
| 005 | ##20090623 | ||
| 040 | # | # | |a DLU |b vie |
| 041 | # | # | |a vie |
| 044 | # | # | |a vn |
| 082 | # | # | |a 895.922 1 |b Net |
| 245 | # | # | |a Nét độc đáo trong thơ Xuân Quỳnh / |c Vân Long tuyển chọn. |
| 260 | # | # | |a H. : |b Văn hoá - Thông tin, |c 2008. |
| 300 | # | # | |a 146 tr. ; |c 21 cm. |
| 653 | # | # | |a Thơ tình |
| 653 | # | # | |a Văn học hiện đại |
| 653 | # | # | |a Văn học Việt Nam |
| 700 | # | # | |a Vân Long, |e tuyển chọn. |
| 923 | # | # | |a 08/2009 |
| 991 | # | # | |a GT |
| 992 | # | # | |a 24000 |
| 994 | # | # | |a DLU |
| 900 | # | # | |a True |
| 911 | # | # | |a Đào Thị Thu Huyền |
| 925 | # | # | |a G |
| 926 | # | # | |a A |
| 927 | # | # | |a SH |
| 980 | # | # | |a Thư viện Trường Đại học Đà Lạt |